000 00340nab a22001097u 4500
008 130520b1990 xxu||||| |||| 00| 0 spa d
041 _aspa
100 1 _aBlescke, E.
_967489
245 0 0 _aEl fracaso en la fidelidad a un proyecto para toda la vida
_cE. Blescke
773 0 _tConcilium
_gV.2,1990,págs.315-330
_x0210-1041
_wRev134
942 _cAR
999 _c355553
_d355553